| 000 -LEADER |
| fixed length control field |
00415nam a22001577a 4500 |
| 008 - FIXED-LENGTH DATA ELEMENTS--GENERAL INFORMATION |
| fixed length control field |
200616b ||||| |||| 00| 0 eng d |
| 020 ## - INTERNATIONAL STANDARD BOOK NUMBER |
| International Standard Book Number |
0030599342 |
| 082 00 - DEWEY DECIMAL CLASSIFICATION NUMBER |
| Classification number |
004.165 |
| Item number |
D141 |
| 100 ## - MAIN ENTRY--PERSONAL NAME |
| 9 (RLIN) |
2856 |
| Personal name |
Daley, H. O. |
| 245 10 - TITLE STATEMENT |
| Title |
Fundamentals of microprocessors / |
| 250 ## - EDITION STATEMENT |
| Edition statement |
1st ed. |
| 260 ## - PUBLICATION, DISTRIBUTION, ETC. (IMPRINT) |
| Place of publication, distribution, etc |
New York |
| Name of publisher, distributor, etc |
Holt-Saunders |
| Date of publication, distribution, etc |
1983 |
| 300 ## - PHYSICAL DESCRIPTION |
| Extent |
xiii, 261 p. |
| 650 #0 - SUBJECT ADDED ENTRY--TOPICAL TERM |
| Topical term or geographic name as entry element |
Microprocessors |
| 942 ## - ADDED ENTRY ELEMENTS (KOHA) |
| Item type |
Books |